Dust and Smoke: Air Pollution and Colonial Urbanism, India, c.1860–c.1940/ (Record no. 175988)

MARC details
000 -LEADER
fixed length control field 00674nam a22001937a 4500
005 - DATE AND TIME OF LATEST TRANSACTION
control field 20201016150922.0
010 ## - LCCN (DPL NO)
LC control number ENG-128559
020 ## - INTERNATIONAL STANDARD BOOK NUMBER
Terms of availability 795.00
International Standard Book Number 9789390122868
035 ## - SYSTEM CONTROL NUMBER
System control number EN-112091
037 ## - SOURCE OF ACQUISITION
Source of stock number/acquisition DBAD/PUB
082 ## - DEWEY DECIMAL CLASSIFICATION NUMBER
Classification number 363.7392
100 ## - MAIN ENTRY--PERSONAL NAME
Personal name Sharan, Awadhendra
245 ## - TITLE STATEMENT
Title Dust and Smoke: Air Pollution and Colonial Urbanism, India, c.1860–c.1940/
Statement of responsibility, etc by Awadhendra Sharan
260 ## - PUBLICATION, DISTRIBUTION, ETC. (IMPRINT)
Place of publication, distribution, etc Hyderabad
Name of publisher, distributor, etc Orient Blackswan Private Limited
Date of publication, distribution, etc 2020
270 ## - ADDRESS
Address 3-6 752 Himayatnagar,
City Hyderabad
Postal code 500029
Electronic mail address info@orientblackswan.com
300 ## - PHYSICAL DESCRIPTION
Extent xxiv;319p.
Dimensions 21cm(pbk)
500 ## - GENERAL NOTE
General note Includes Index and Bibliography
942 ## - ADDED ENTRY ELEMENTS (KOHA)
Source of classification or shelving scheme Dewey Decimal Classification
Item type English Books
Classification part 363.7392
Call number suffix SHA
Holdings
Withdrawn status Lost status Not for loan Collection code Home library Current library Date acquired Source of acquisition Cost, normal purchase price Full call number Barcode Cost, replacement price Koha item type
      Non-fiction Central Library Central Library 16/10/2020 DBAD/PUB 795.00 363.7392 SHA EN-112091 795.00 English Books

© Delhi Public Library
Hit Counter
free hit counter